书目信息 |
| 题名: |
会计准则变革的非预期效应研究
|
|
| 作者: | 张先治 著 | |
| 分册: | ||
| 出版信息: | 大连 东北财经大学出版社 2019.6 |
|
| 页数: | 232页 | |
| 开本: | 24cm | |
| 丛书名: | 墨香会计学术文库 | |
| 单 册: | ||
| 中图分类: | F233.2 | |
| 科图分类: | ||
| 主题词: | 会计准则--hui ji zhun ze--研究--中国 | |
| 电子资源: | ||
| ISBN: | 978-7-5654-3503-4 | |
| 000 | 01334oam2 2200313 450 | |
| 001 | 2161445725 | |
| 005 | 20210930094216.0 | |
| 010 | @a978-7-5654-3503-4@dCNY48.00 | |
| 100 | @a20190731d2019 em y0chiy0120 ea | |
| 101 | 0 | @achi |
| 102 | @aCN@b210000 | |
| 105 | @aak a 001yy | |
| 106 | @ar | |
| 200 | 1 | @a会计准则变革的非预期效应研究@Ahui ji zhun ze bian ge de fei yu qi xiao ying yan jiu@dResearch on the unintended consequences of accounting standards evolution@f张先治等著@zeng |
| 210 | @a大连@c东北财经大学出版社@d2019.6 | |
| 215 | @a232页@c图@d24cm | |
| 225 | 2 | @a墨香会计学术文库@Amo xiang hui ji xue shu wen ku |
| 300 | @a国家自然科学基金项目 (71372068) 研究成果 | |
| 306 | @a本书由大连市人民政府资助出版 | |
| 314 | @a张先治, 会计学与财务学教授, 国家二级教授, 经济学博士。 | |
| 320 | @a有书目和索引 | |
| 330 | @a本书主要内容包括: 会计准则变革的非预期效应理论框架研究; 会计准则变革对企业经营方式转变的影响研究; 会计准则变革对企业投资行为的影响研究; 会计准则变革对宏观投资的影响研究。 | |
| 461 | 0 | @12001 @a墨香会计学术文库 |
| 510 | 1 | @aResearch on the unintended consequences of accounting standards evolution@zeng |
| 606 | 0 | @a会计准则@Ahui ji zhun ze@x研究@y中国 |
| 690 | @aF233.2@v5 | |
| 701 | 0 | @a张先治@Azhang xian zhi@4著 |
| 801 | 0 | @aCN@b百万庄@c20210928 |
| 905 | @b1302494-97@dF233.2@e647@f4 | |
| 会计准则变革的非预期效应研究=Research on the unintended consequences of accounting standards evolution/张先治等著.-大连:东北财经大学出版社,2019.6 |
| 232页:图;24cm.-(墨香会计学术文库) |
| 国家自然科学基金项目 (71372068) 研究成果 |
| ISBN 978-7-5654-3503-4:CNY48.00 |
| 本书主要内容包括: 会计准则变革的非预期效应理论框架研究; 会计准则变革对企业经营方式转变的影响研究; 会计准则变革对企业投资行为的影响研究; 会计准则变革对宏观投资的影响研究。 |
| ● |
| 相关链接 |
|
|
|
|
正题名:会计准则变革的非预期效应研究
索取号:F233.2/647
 
预约/预借
| 序号 | 登录号 | 条形码 | 馆藏地/架位号 | 状态 | 备注 |
| 1 | 1302494 | 213024948 | 第一样本阅览室/ [索取号:F233.2/647] | 在馆 | |
| 2 | 1302495 | 213024957 | 第一借阅区/ [索取号:F233.2/647] | 在馆 | |
| 3 | 1302496 | 213024966 | 第一借阅区/ [索取号:F233.2/647] | 在馆 | |
| 4 | 1302497 | 213024975 | 第一借阅区/ [索取号:F233.2/647] | 在馆 |